000 00802nam a2200241Ia 4500
003 OSt
005 20260401142611.0
008 220923b |||||||| |||| 00| 0 eng d
037 _cGeneral Book
040 _aRTL
_cRTL
_beng
041 _2eng
_aeng
084 _aX:9b4 , K8
_qRTL
100 _aBhyam William C.
_9315244
245 0 _aUses of personnel research
260 _aNew York
_bAmerican Management Association U. S. A.
_c1968
300 _a112 p. Index of Organizations Cited : 111-112 p.
_bIncludes bibliographical references and index
500 _aSelected Reading :109-110 p.
650 _a Human Resource Management
_9248143
650 _a Personnel Management
_929105
650 _aLabor Economics
942 _hX:9b4 , K8
_cGB
_2CC
999 _c621293
_d621293